000 04853nam a22005775i 4500
001 978-3-319-63633-7
003 DE-He213
005 20210118133603.0
007 cr nn 008mamaa
008 171209s2017 gw | s |||| 0|eng d
020 _a9783319636337
_9978-3-319-63633-7
024 7 _a10.1007/978-3-319-63633-7
_2doi
050 4 _aR856-R857
072 7 _aMQW
_2bicssc
072 7 _aMED003040
_2bisacsh
072 7 _aMQW
_2thema
082 0 4 _a610.28
_223
245 1 0 _aAdvances in Personalized Nanotherapeutics
_h[electronic resource] /
_cedited by Ajeet Kaushik, Rahul Dev Jayant, Madhavan Nair.
250 _a1st ed. 2017.
264 1 _aCham :
_bSpringer International Publishing :
_bImprint: Springer,
_c2017.
300 _aXIII, 240 p. 56 illus., 53 illus. in color.
_bonline resource.
336 _atext
_btxt
_2rdacontent
337 _acomputer
_bc
_2rdamedia
338 _aonline resource
_bcr
_2rdacarrier
347 _atext file
_bPDF
_2rda
520 _aHealth agencies have declared personalized nanomedicine as an important area to investigate novel therapies to combat against targeted diseases with no-side effects. The disease profile varies from patient-to-patient and standard therapies sometime are unsuitable for complete cure. This raises the demand of nanomedicine development. The tunable therapeutic salient features of nanomedicine including site-specific delivery and controlled release of a specific drug according to patient requirement make nanomedicine very special. Such of human compatible personalization is very useful in diseases management required to optimize a therapy for health care. Knowing the potentials of the nanomedicines, significant efforts are being to design and develop nano-enabled therapeutic strategies to cure and monitor diseases contributing to personalized health care. As per state-of-the-art, various approaches have been optimized resulting in development of pharmacologically relevant personalized nanomedicine to combat against diseases with improved efficacy and no adverse effects. In this book, we described the fundamentals nanomedicine, nanotechnology for nanomedicine development, approach of personalized nanomedicine, potential novel nano-carriers for site-specific drug delivery, role of nano-bio-technology for efficient therapeutics, nano-pharmacology, targeted CNS drug delivery, stimuli- responsive drug release, aspects of bioinformatics for diseases management, miniaturized bio-sensing systems for diseases detection with monitoring, and nano-bio-technology for diseases management. The challenges in personalized nano-therapeutics development, possible vision to overcome challenges, and future prospects to promote therapies for clinical application are also discussed in this book. We believe that present book would serve as a platform for new scholars of academia and industries to understand state-of-the-art of nano-bio-technology for therapeutics to plan future research to develop effective personalized nanomedicine against targeted diseases. Our book is a call for experts to explore multidisciplinary research towards developing novel personalized nanomedicines to combat against targeted diseases to personalized health care.
650 0 _aBiomedical engineering.
650 0 _aNanoscale science.
650 0 _aNanoscience.
650 0 _aNanostructures.
650 1 4 _aBiomedical Engineering/Biotechnology.
_0http://scigraph.springernature.com/things/product-market-codes/B24000
650 2 4 _aNanoscale Science and Technology.
_0http://scigraph.springernature.com/things/product-market-codes/P25140
700 1 _aKaushik, Ajeet.
_eeditor.
_4edt
_4http://id.loc.gov/vocabulary/relators/edt
700 1 _aJayant, Rahul Dev.
_eeditor.
_4edt
_4http://id.loc.gov/vocabulary/relators/edt
700 1 _aNair, Madhavan.
_eeditor.
_4edt
_4http://id.loc.gov/vocabulary/relators/edt
710 2 _aSpringerLink (Online service)
773 0 _tSpringer eBooks
776 0 8 _iPrinted edition:
_z9783319636320
776 0 8 _iPrinted edition:
_z9783319636344
776 0 8 _iPrinted edition:
_z9783319876009
856 4 0 _uhttps://doi.org/10.1007/978-3-319-63633-7
912 _aZDB-2-SBL
999 _c448624
_d448624
942 _cEB
506 _aAvailable to subscribing member institutions only. Доступно лише організаціям членам підписки.
506 _fOnline access from local network of NaUOA.
506 _fOnline access with authorization at https://link.springer.com/
506 _fОнлайн-доступ з локальної мережі НаУОА.
506 _fОнлайн доступ з авторизацією на https://link.springer.com/